000 005220000a22001810004500
003 MACL
005 20160401133209.0
008 160401b xxu||||| |||| 00| 0 eng d
040 _aMACL
_cMACL
041 _aHindi
082 _a398
100 _aहरिवंश अनेजा
_919904
245 _aदेश विदेश की लोककथाऍ
260 _bअनुरोध प्रकाशन
_c2007
_aदिल्‍ली
350 _a200
650 _aFolklore
_949606
942 _cHIN
_k398
_2ddc
999 _c11489
_d11489